| 000 | 00972nam2a22002651 4500 | ||
|---|---|---|---|
| 001 | RU\NLR\INFOCOMM7\5000025275 | ||
| 005 | 20250617024456.0 | ||
| 035 | _a(NLR Aleph) 002389385 | ||
| 090 |
_a4625910 _c4625910 |
||
| 100 | _a20041224d1998 |||y0rusy50 ca | ||
| 101 | 0 | _arus | |
| 102 | _aRU | ||
| 105 | _ay ||||000|y | ||
| 200 | 1 |
_aЗвук и смысл _fЕ. Невзглядова |
|
| 210 |
_d1998 _aБ. м. |
||
| 316 |
_a3-й экз. с дарств. надписью _5NLR |
||
| 461 | 0 |
_1001RU\NLR\INFOCOMM7\5000025195 _12001#$aUrbi$eЛит. альм.$vВып.17 _94625805 _cСПб. _d1991- _nИНАПресс _oЛит. альм. _tUrbi _vВып.17 |
|
| 700 | 1 |
_4070 _aНевзглядова _bЕ. В. _cканд. филол. наук _f1939- _gЕлена Всеволодовна _9181327 _3RU\NLR\AUTH\770181378 |
|
| 801 | 1 |
_aRU _bInfoComm _c20041224 |
|
| 801 | 0 |
_aRU _bNLR _gPSBO |
|
| 852 |
_aNLR _jП34/1202 |
||
| 942 | _cISSUE | ||
| 980 | _aNB | ||
| 980 | _aRUSPER | ||